000 01043cam a22003257a 4500
003 CHAP
005 20220329141800.0
008 971013s1948 r 00010 d
010 _a73749
011 _a74721
035 _a84280
040 _cCHAP
090 _aTesis
100 0 0 _aCárdenas Deloya, Hipólito.
_924057
245 1 3 _aEl piñoncillo y su aceite
260 _aChapingo, Méx. :
_bEl autor,
_c1948
300 _a46 h.
502 _aTesis (Ing. Agr. Esp. en Industrias Agrícolas) -- ENA. Departamento de Industrias Agrícolas
590 _aALEPH
_b10
_c20130110
_lUCH01
_h1417
590 _aBATCH-UPD
_b10
_c20130110
_lUCH01
_h0340
590 _aBATCH-UPD
_b10
_c20130110
_lUCH01
_h1726
590 _aBATCH-UPD
_b10
_c20130410
_lUCH01
_h0014
590 _aBATCH-UPD
_b10
_c20130914
_lUCH01
_h0952
590 _aCONVERSION
_b10
_c20130109
_lUCH01
_h1340
650 1 4 _aJatropha curcas.
_961233
901 _aBK
942 _cFOLL
949 _bBC
_cTES
_d-39518
_eTS1
_i84280
_si
949 _bBC
_cTES
_d33724000983052
_eTS2
_fc.2
_i84280
_si
999 _c73749
_d73749